00910nam a22002177a 4500003000400000005001700004008004100021020001500062050002300077100002300100245005900123260003900182300003500221521000800256650002700264942001700291999001700308952012100325952012600446952012000572OSt20140311161021.0130207t xxu||||| |||| 00| 0 eng d a9712324079 aLB 2846b.R49 1999 aReyes, Milagros Z. aStatistical methods in education /cMilagros Z. Reyes. aManila :b Rex Book Store, c1999. aviii, 109 p. :bill. ;c24 cm. aEDU aStatisticsxEducation. 2lcccBKkLOC c17972d17972 00102lcc40aAbAcNULLd2006-02-06eDONATIONl0oLB 2846 .R457 1999pC6700r2018-05-08 00:00:00t1w2013-10-10yBK 00102lcc40aCLbCLcFILd2013-10-31eLibrary Fundl0oLB 2846 .R457 1998pC1063r2018-05-08 00:00:00t3w2013-10-31yBK 00102lcc40aAbAcNULLd2013-11-27eDONATIONl0oLB 2846 .R49 1999pC5527r2018-05-08 00:00:00t4w2013-11-27yBK